| 000 | 00848nam a2200181Ia 4500 | ||
|---|---|---|---|
| 008 | 151202s9999||||xx |||||||||||||| ||und|| | ||
| 082 | _bPNVM-82411 | ||
| 100 | _aभट अशोक. | ||
| 245 | _aतात्यासाहेेब गोडसे व्यक्ति काळ कर्तृत्व. | ||
| 260 | _b"श्रीमंत दगडूशेठ हलवाई सार्वजनिक गणपती ट्रस्ट,पुणे." | ||
| 260 | _c2013 | ||
| 300 | _a127 | ||
| 600 | _aभट अशोक. | ||
| 630 | _aतात्यासाहेेब गोडसे व्यक्ति काळ कर्तृत्व. | ||
| 700 | _aभट अशोक. | ||
| 730 | _aतात्यासाहेेब गोडसे व्यक्ति काळ कर्तृत्व. | ||
| 942 | _cBOOK | ||
| 999 |
_c1347019 _d1347016 |
||